Statystyki dla Kadra Interu w LM 2019/2020

Kliknij tutaj aby rozwiązać quiz!

Ogólne statystyki

  • Ten quiz został rozwiązany 48 razy
  • Średni wynik to 14 z 25

Statystyki odpowiedzi

pozycja#krajpiłkarz% Poprawnych
N9BELRomelu Lukaku
98%
B1SLOSamir Handanovic
98%
N7CHIAlexis Sanchez
95%
N10ARGLautaro Martinez
91%
O2URUDiego Godin
86%
O6NEDStefan De Vrij
86%
P77CROMarcelo Brozovic
79%
Trener-ITAAntonio Conte
77%
O37SVKMilan Skriniar
77%
P87ITAAntonio Candreva
63%
O18GHAKwadwo Asamoah
60%
P23ITANicolo Barella
60%
P20ESPBorja Valero
51%
P8URUMatias Vecino
49%
O95ITAAlessandro Bastoni
47%
O33ITADanilo D'Ambrosio
47%
P5ITARoberto Gagliardini
47%
O13ITAAndrea Ranocchia
40%
P19AUTValentino Lazaro
40%
N30ITASebastiano Esposito
33%
P12ITAStefano Sensi
30%
B27ITADaniele Padelli
26%
O34ITACristiano Biraghi
23%
O21ITAFederico Dimarco
23%
N16ITAMatteo Politano
21%

Rozkład punktacji

Percentyl według liczby udzielonych odpowiedzi

Procent ludzi z każdym wynikiem

Twoja historia wyników

Nie rozwiązałeś tego quizu